Представление документа в формате RUSMARC

ПолеНазваниеЗначение
  Тип записи a
  Библиографический уровень a
001 Контрольный номер RU/УОНБ/EK_Kray/538681000
005 Дата корректировки 20240131005123.9
100 Данные общей обработки __
a Данные общей обработки 20170125d2017 ||| 0rusy0189 ca
101 Язык документа 0_
a Язык текста rus
102 Страна публикации __
a Страна публикации RU
105 Кодированные данные (монография) __
a Кодированные данные (монография) y###||||000|y
200 Заглавие и сведения об ответственности 1_
a Заглавие "Стихи еще бродят и пишутся..."
f Первые сведения об ответственности Вячеслав Суспицын
225 Серия 1_
a Серия Память сердца
327 Примечание о содержании 11
a Примечание о содержании Я в России родился
327 Примечание о содержании 11
a Примечание о содержании И большого не надо
327 Примечание о содержании 11
a Примечание о содержании Родники
327 Примечание о содержании 11
a Примечание о содержании Стихи еще пишутся
327 Примечание о содержании 11
a Примечание о содержании Медали
327 Примечание о содержании 11
a Примечание о содержании Час России
327 Примечание о содержании 11
a Примечание о содержании Майор
327 Примечание о содержании 11
a Примечание о содержании Живой осколок
327 Примечание о содержании 11
a Примечание о содержании Два цвета
327 Примечание о содержании 11
a Примечание о содержании Саксаул
327 Примечание о содержании 11
a Примечание о содержании Седая тишина
327 Примечание о содержании 11
a Примечание о содержании Возвращение
327 Примечание о содержании 11
a Примечание о содержании В пустыне
327 Примечание о содержании 11
a Примечание о содержании Повезло
327 Примечание о содержании 11
a Примечание о содержании Прорубь
327 Примечание о содержании 11
a Примечание о содержании Много ль?
327 Примечание о содержании 11
a Примечание о содержании В ненастье
461 Уровень набора _0
1 001RU/УОНБ/EK/432749072
1 2001
a Симбирскъ
e лит. журн.
v № 8
1 2101
a Ульяновск
c МедиаЦентр
d 2016
463 Уровень физической единицы _0
1 001RU/УОНБ/EK/528394739
1 2000
a № 8
v С. 83-86
610 Ключевые слова 0_
a Ключевые слова стихи
610 Ключевые слова 0_
a Ключевые слова поэты Ульяновска
686 Индексы других классификаций __
a Классификационный индекс 84-5
2 Код системы rubbk
700 Автор _1
a Фамилия Суспицын
b Имя (инициалы) В.
g Полное личное имя Вячеслав
801 Источник записи _0
a Страна RU
b Организация Ульяновская ОНБ
c Дата составления 20170125
g Правила каталогизации RCR
801 Источник записи _1
a Страна RU
b Организация Ульяновская ОНБ
c Дата составления 20170125
g Правила каталогизации RCR
901 Тип документа __
t Тип документа c
w Контрольный № источника RU/УОНБ/EK/528394739
909 Создатель записи __
a Создатель записи Шевякова
938 Служебная информация __
a Имя БД kraeved_work
b Имя библиотеки УОНБ
c Имя АИБС МАРК-SQL
d Номер DOC_ID в БД 126098